000 00732nam a2200181 a 4500
001 000024251
005 20200930022840.0
008 110125s1970 mx a r 000 0 spa d
040 _aDO-SdBNP
_bspa
_cBNPHU
082 _axxxxx
_bS211m
100 1 _aSánchez Meza, José María
_949791
245 1 0 _aMatemáticas actualizadas :
_bsegundo curso /
_cJosé María Sánchez Meza.
250 _a10a ed.
260 _aMéxico, D. F. :
_bHerrero,
_c1970.
300 _a412 p. :
_bil. ;
_c19.5 cm.
500 _aEn la portada: Aprobado por la comisión revisora de libros de texto y de consulta de la Secretaría de Educación Pública como texto para el segundo año, contiene el nuevo programa de las escuelas secundarias.
049 _aBNGR
999 _c23745
_d23745